000 00712nam a2200253Ia 4500
003 OSt
005 20220918191103.0
006 a|||||r|||| 00| 0
007 ta
008 220917b |||||||| |||| 00| 0 eng d
024 _a61,389
037 _cTextual
040 _aARTS
_cARTS
_beng
041 _2eng
_aeng
082 _aQ6.73, L9
100 _aHenry Maureen
_974871
245 0 _aIntoxication of power
_b an analysus of civil religion in relation to ideology
260 _aDordrecht
_bD Reidel Publishing Com Holland
_c1979
300 _axiii,231p.
_ccm.
490 _aSovietica; 43
650 _aRELIGION
942 _hQ6.73, L9
_cTEXL
_2CC
999 _c188241
_d188241